100 Movies From 2023 by Hints - Statistics

General Stats
  • This quiz has been taken 39 times
  • The average score is 27 of 100
Answer Stats
Movie Director First Actor Second Actor % Correct
Oppenheimer Christopher Nolan Cillian Murphy Robert Downey Jr.
82%
Barbie Greta Gerwig Margot Robbie Ryan Gosling
79%
Guardians of the Galaxy Vol. 3 James Gunn Chris Pratt Bradley Cooper
62%
Ant-Man and the Wasp: Quantumania Peyton Reed Paul Rudd Evangeline Lilly
59%
Mission: Impossible: Dead Reckoning: Part One Chrstopher McQuarrie Tom Cruise Rebecca Ferguson
59%
Killers of the Flower Moon Martin Scorsese Leonardo DiCaprio Lily Gladstone
56%
The Flash Andy Muschietti Ezra Miller Michael Keaton
53%
The Killer David Fincher Michael Fassbender Tilda Swinton
53%
Asteroid City Wes Anderson Jason Schwartzman Scarlett Johansson
50%
Creed III Michael B. Jordan Michael B. Jordan Tessa Thompson
47%
John Wick: Chapter Four Chad Stahelski Keanu Reeves Laurence Fishburne
47%
Poor Things Yorgos Lanthimos Emma Stone Willem Dafoe
47%
Shazam! Fury of the Gods David F. Sandberg Zachary Levi Asher Angel
47%
The Super Mario Bros. Movie Aaron Horvath/Michael Jelenic Chris Pratt Jack Black
47%
Anyone But You Will Gluck Sydney Sweeney Glen Powell
44%
Fast X Louis Leterrier Vin Diesel Michelle Rodriguez
44%
Indiana Jones and the Dial of Destiny James Mangold Harrison Ford Antonio Banderas
44%
Maestro Bradley Cooper Bradley Cooper Carey Mulligan
44%
Scream VI Matt Bettinelli-Olpin/Tyler Gillett Courtney Cox Jenna Ortega
44%
Spider-Man: Across the Spider-Verse Joaquim Dos Santos/Kemp Powers/Justin K. Thompson Shameik Moore Hailee Steinfeld
44%
The Marvels Nia DaCosta Brie Larson Iman Vellani
44%
American Fiction Cord Jefferson Jeffrey Wright Sterling K. Brown
41%
Taylor Swift: The Eras Tour Sam Wrench Taylor Swift N/A
41%
The Holdovers Alexander Payne Paul Giamatti Da'Vine Joy Randolph
41%
Aquaman and the Lost Kingdom James Wan Jason Momoa Patrick Wilson
38%
Murder Mystery 2 Jeremy Garelick Adam Sandler Jennifer Aniston
38%
The Iron Claw Sean Durkin Zac Efron Jeremy Allen White
38%
Wonka Paul King Timothee Chalamet Hugh Grant
38%
Air Ben Affleck Ben Affleck Matt Damon
35%
Cocaine Bear Elizabeth Banks Keri Russell Ray Liotta
35%
Dungeons and Dragons: Honor Among Thieves John Francis Daley/Jonathan Goldstein Chris Pine Michelle Rodriguez
35%
Napoleon Ridley Scott Joaquin Phoenix Vanessa Kirby
35%
The Hunger Games: The Ballad of Songbirds and Snakes Francis Lawrence Tom Blyth Rachel Zegler
35%
A Haunting in Venice Kenneth Branagh Kenneth Branagh Michelle Yeoh
32%
Expend4bles Scott Waugh Sylvester Stallone Jason Statham
32%
Saltburn Emerald Fennell Jacob Elordi Barry Keoghan
32%
The Little Mermaid Rob Marshall Halle Bailey Melissa McCarthy
32%
Knock at the Cabin M. Night Shyamalan Dave Bautista Jonathan Groff
29%
Renfield Chris McKay Nicolas Cage Nicholas Hoult
29%
Ghosted Dexter Fletcher Chris Evans Ana de Armas
26%
Magic Mike's Last Dance Steven Soderbergh Channing Tatum Salma Hayek
26%
May December Todd Haynes Natalie Portman Julianne Moore
26%
No Hard Feelings Gene Stupnitsky Jennifer Lawrence Andrew Barth Feldman
26%
Past Lives Celine Song Greta Lee Teo Yoo
26%
Priscilla Sofia Coppola Cailee Spaeny Jacob Elordi
26%
The Equalizer 3 Antoine Fuqua Denzel Washington Dakota Fanning
26%
Elemental Peter Sohn Leah Lewis Mamoudou Athie
24%
Five Nights at Freddy's Emma Tammi Josh Hutcherson Elizabeth Lail
24%
Meg 2: The Trench Ben Wheatly Jason Statham Wu Jing
24%
Next Goal Wins Taika Waititi Michael Fassbender Elisabeth Moss
24%
Renaissance: A Film by Beyonce Beyonce Beyonce Blue Ivy Carter
24%
Tetris Jon S. Baird Taron Edgerton Toby Jones
24%
Thanksgiving Eli Roth Patrick Dempsey Milo Manheim
24%
65 Scott Beck/Bryan Woods Adam Driver Ariana Greenblatt
21%
Blue Beetle Angel Manuel Soto Xolo Mariduena Susan Sarandon
21%
Good Burger 2 Phil Traill Kenan Thompson Kel Mitchell
21%
Saw X Kevin Greutert Tobin Bell Shawnee Smith
21%
The Covenant Guy Ritchie Jake Gyllenhaal Dar Salim
21%
Transformers: Rise of the Beasts Steven Caple Jr. Anthony Ramos Pete Davidson
21%
Are You There God? It's Me, Margaret. Kelly Fremon Craig Rachel McAdams Abby Ryder Fortson
18%
Dream Scenario Kristoffer Borgli Nicolas Cage Michael Cera
18%
Extraction 2 Sam Hargrave Chris Hemsworth Olga Kurylenko
18%
Gran Turismo Neill Blomkamp David Harbour Orlando Bloom
18%
Leave the World Behind Sam Esmail Julia Roberts Ethan Hawke
18%
Leo Robert Smigel Adam Sandler Bill Burr
18%
Rustin George C. Wolfe Colman Domingo Chris Rock
18%
Shotgun Wedding Jason Moore Jennifer Lopez Josh Duhamel
18%
Trolls Band Together Walt Dohrn Anna Kendrick Justin Timberlake
18%
Wish Chris Buck/Fawn Veerasunthorn Ariana DeBose Chris Pine
18%
You Are So Not Invited to My Bat Mitzvah! Sammi Cohen Sunny Sandler Adam Sandler
18%
You People Kenya Barris Eddie Murphy Jonah Hill
18%
Rebel Moon – Part One: A Child of Fire Zack Snyder Sofia Boutella Charlie Hunnam
15%
Strays Josh Greenbaum Will Ferrell Jamie Foxx
15%
The Color Purple Blitz Bazawule Fantasia Barrino Taraj P. Henson
15%
The Creator Gareth Edwards John David Washington Gemma Chan
15%
Heart of Stone Tom Harper Gal Gadot Jamie Dornan
12%
Operation Fortune: Ruse de Guerre Guy Ritchie Jason Statham Aubrey Plaza
12%
Pain Hustlers David Yates Emily Blunt Chris Evans
12%
Sound of Freedom Alejandro Monteverde Jim Caviezel Mira Sorvino
12%
Spy Kids: Armageddon Robert Rodriguez Zachary Levi Gina Rodriguez
12%
The Boys in the Boat George Clooney Callum Turner Joel Edgerton
12%
The Exorcist: Believer David Gordon Green Leslie Odom Jr. Ellen Burstyn
12%
The Family Plan Simon Cellan Jones Mark Wahlberg Michelle Monaghan
12%
A Good Person Zach Braff Florence Pugh Morgan Freeman
9%
Dumb Money Craig Gillespie Seth Rogen Paul Dano
9%
Family Switch McG Jennifer Garner Ed Helms
9%
Flamin' Hot Eva Longoria Jesse Garcia Tony Shalhoub
9%
Haunted Mansion Justin Simien Owen Wilson Rosario Dawson
9%
Migration Benjamin Renner Kumail Nanjiani Elizabeth Banks
9%
Peter Pan and Wendy David Lowery Jude Law Yara Shahidi
9%
Teenage Mutant Ninja Turtles: Mutant Mayhem Jeff Rowe John Cena Rose Byrne
9%
The Out-Laws Tyler Spindel Adam Devine Nina Dobrev
9%
We Have A Ghost Christopher Landon David Harbour Anthony Mackie
9%
Your Place or Mine Aline Brosh McKenna Reese Witherspoon Ashton Kutcher
9%
Journey to Bethlehem Adam Anders Fiona Palomo Milo Manheim
6%
M3GAN Gerard Johnstone Allison Williams Ronny Chieng
6%
Quiz Lady Jessica Yu Awkwafina Sandra Oh
6%
Jesus Revolution Jon Erwin/Brent McCorkle Joel Courtney Kelsey Grammer
3%
Ruby Gillman, Teenage Kraken Kirk DeMicco/Faryn Pearl Lana Condor Toni Collette
3%
The Shift Brock Heasley Kristoffer Polaha Neal McDonough
3%
No matching quizzes found
Score Distribution
Percent of People with Each Score
Percentile by Number Answered
Your Score History
You have not taken this quiz